Prežijú len najsilnejšie banky
Vývoj bankovníctva v Rusku po rozpade Sovietskeho zväzu. Obchodovanie s ADR - American Depositary Receipt (cenné papiere vo forme certifikátu o depozite akcií z krajín Latinskej Ameriky a Ázie emitovanými len v USA). Transparentnosť trhu v ruskom bankovníctve. Úverová výnosovosť. Podiel čistých úrok...
Gespeichert in:
| 1. Verfasser: | |
|---|---|
| Weitere Verfasser: | |
| Format: | Buch |
| Sprache: | Slowakisch |
| Schlagworte: | |
| Tags: |
Keine Tags, Fügen Sie das erste Tag hinzu!
|
MARC
| LEADER | 00000nam a2200000 4500 | ||
|---|---|---|---|
| 001 | r030219 | ||
| 005 | 20230824093242.5 | ||
| 041 | 0 | |a slo | |
| 044 | |a SK | ||
| 245 | 1 | 0 | |a Prežijú len najsilnejšie banky |c Ľudovít Ódor, Vladimír Gajdoš |
| 520 | |a Vývoj bankovníctva v Rusku po rozpade Sovietskeho zväzu. Obchodovanie s ADR - American Depositary Receipt (cenné papiere vo forme certifikátu o depozite akcií z krajín Latinskej Ameriky a Ázie emitovanými len v USA). Transparentnosť trhu v ruskom bankovníctve. Úverová výnosovosť. Podiel čistých úrokových príjmov na celkových príjmoch. Najväčšie ruské banky v r. 1996. Podiel exportu a importu na hrubom domácom produkte. Výnosovosť ruských bánk. Kvalita aktív ruských bánk. | ||
| 610 | 2 | 0 | |a bankovníctvo |
| 610 | 2 | 0 | |a banky |
| 610 | 2 | 0 | |a výnosy |
| 610 | 2 | 0 | |a úver bankový |
| 610 | 2 | 0 | |a úrok |
| 610 | 2 | 0 | |a príjmy |
| 610 | 2 | 0 | |a papiere cenné |
| 610 | 2 | 0 | |a ADR |
| 610 | 2 | 0 | |a Sherbank |
| 610 | 2 | 0 | |a Menatep |
| 610 | 2 | 0 | |a Inkombank |
| 610 | 2 | 0 | |a V-bank |
| 610 | 2 | 0 | |a Vneshtorgbank |
| 610 | 2 | 0 | |a Oneximbank |
| 610 | 2 | 0 | |a 1996-1998 |
| 610 | 2 | 0 | |a Rusko |
| 100 | 1 | |a Ódor, Ľudovít | |
| 700 | 1 | |a Gajdoš, Vladimír | |